000 00608nam a2200205Ia 4500
008 241004s9999 xx 000 0 und d
020 _a9789391685225
037 _aTextbook
040 _aARTS
_beng
_cARTS
041 _aeng
_2eng
084 _aQ4:(Y72).277 R2
_qARTS
100 _aSarma Ramala Au.
_9724721
245 _aBuddhism in tai life of Assam
_cSarma Ramala Au.
260 _aIndia
_bNew Delhi Aayu Publications
_c2022
300 _axviii,283p.
365 _aINR
_b1300
650 _aBuddhism Sociology
_9724722
942 _cTB
_hQ4:(Y72).277 R2
999 _c1218875
_d1218875